[Event "Polofinale MCR junioru 2024"]
[Site "Hotel Fit Fun, Ryžovište 427, 512 46 Harrachov v Krkonoších"]
[Date "2024.11.12"]
[Round "4"]
[Board "18"]
[White "Janouš, Marek"]
[Black "Buchta, Bartolomej"]
[Result "1-0"]
[WhiteElo "2177"]
[BlackElo "1906"]
[PlyCount "0"]
[EventDate "2024.11.09"]
[EventRounds "9"]
[EventCountry "CZE"]

1. e4 c5 2. Nf3 e6 3. g3 d6 4. Bg2 Nf6 5. Qe2 a6 6. O-O b5 7. a4 b4 8. d3 Bb7 9.
Nbd2 Nc6 10. Nc4 Na5 11. e5 Nxc4 12. dxc4 dxe5 13. Nxe5 Bxg2 14. Kxg2 Qc7 15. Bf4
Qb7+ 16. Qf3 Qxf3+ 17. Kxf3 Nh5 18. Be3 Bd6 19. Nd3 Rc8 20. Rad1 Ke7 21. Bg5+ f6
22. Kg4 g6 23. Bh6 Rhg8 24. Nf4 Ng7 25. Bxg7 Rxg7 26. Rfe1 h5+ 27. Kf3 Be5 28. Nd3
Bd6 29. Re2 g5 30. Red2 Rc6 31. Kg2 Rg8 32. f4 gxf4 33. Nxf4 h4 34. Kf3 hxg3 35.
hxg3 Rg5 36. Rh2 Rg7 37. Re1 Bxf4 38. gxf4 Rd6 39. Rh5 Rc6 40. Rd1 Rd6 41. Re1 Rc6
42. Rh8 Rd6 43. Rc8 Rd2 44. Rc7+ Kf8 45. Rxc5 Rxc2 46. Rxe6 Rxb2 47. Rxf6+ Ke7 48.
Rxa6  1-0

[Event "Polofinale MCR junioru 2024"]
[Site "Hotel Fit Fun, Ryžovište 427, 512 46 Harrachov v Krkonoších"]
[Date "2024.11.12"]
[Round "4"]
[Board "19"]
[White "Hozda, Max"]
[Black "Nešpurek, Jakub"]
[Result "1-0"]
[WhiteElo "2080"]
[BlackElo "1879"]
[PlyCount "0"]
[EventDate "2024.11.09"]
[EventRounds "9"]
[EventCountry "CZE"]

1. d4 g6 2. Nf3 Nf6 3. c4 d6 4. g3 Bg7 5. Bg2 O-O 6. O-O c6 7. Nc3 Nbd7 8. e4 e5
9. b3 exd4 10. Nxd4 Re8 11. Re1 Nc5 12. Bb2 Ne6 13. Nxe6 Bxe6 14. Qd2 Qa5 15. Rad1
Rad8 16. Nd5 Qxd2 17. Nxf6+ Bxf6 18. Rxd2 Bxb2 19. Rxb2 f5 20. Rd2 fxe4 21. Rxe4
Bf5 22. Rxe8+ Rxe8 23. Kf1 Re6 24. f4 Kf7 25. Kf2 Ke7 26. Bf3 h5 27. a3 Kd7 28. Re2
Rxe2+ 29. Kxe2 a6 30. Ke3 Bc2 31. b4 b5 32. Kd4 bxc4 33. Kxc4 d5+ 34. Kc5 Ba4 35.
h3 Ke6 36. g4 hxg4 37. Bxg4+ Kf6 38. h4 Bb5 39. Bc8 Kg7 40. Bg4 Kf6 41. Kd4 Ba4 42.
Bh3 Bb5 43. Bc8 Ba4 44. Bxa6 Kf5 45. Bd3+ Kxf4 46. Bxg6 Kg4 47. h5 Kg5 48. Bf7 Bd1
49. Bxd5 cxd5 50. Kxd5 Bxh5 51. b5 Kf6 52. Kd6 Bf3 53. a4 Kf7 54. a5 Ke8 55. Kc7
Ke7 56. b6  1-0

[Event "Polofinale MCR junioru 2024"]
[Site "Hotel Fit Fun, Ryžovište 427, 512 46 Harrachov v Krkonoších"]
[Date "2024.11.12"]
[Round "4"]
[Board "20"]
[White "Pressler, Tobias"]
[Black "Vlcek, Vojtech"]
[Result "0-1"]
[WhiteElo "2057"]
[BlackElo "1845"]
[PlyCount "0"]
[EventDate "2024.11.09"]
[EventRounds "9"]
[EventCountry "CZE"]

1. e4 e5 2. Nf3 Nc6 3. d4 exd4 4. Nxd4 Bc5 5. Be3 Qf6 6. c3 Nge7 7. Bc4 O-O 8. O-O
Ne5 9. Be2 Qg6 10. Nd2 d5 11. Bh5 Qd6 12. f4 N5c6 13. e5 Qd8 14. N2b3 Bb6 15. Kh1
Nxd4 16. cxd4 Nf5 17. Bf2 a5 18. a4 Qe7 19. Bf3 c6 20. g4 Nh4 21. f5 Nxf3 22. Qxf3
Re8 23. Rg1 Bd7 24. Rae1 Qb4 25. Rg3 c5 26. dxc5 Bc6 27. Kg1 d4 28. Qd3 Bxc5 29.
Nxc5 Qxc5 30. Qxd4 Qxd4 31. Bxd4 Bxa4 32. e6 Ra6 33. e7 f6 34. g5 Kf7 35. g6+ hxg6
36. fxg6+ Kg8 37. h4 Rd6 38. Bc3 Rd5 39. Rg2 Bd7 40. Kh2 Rh5 41. Kg3 Rh6 42. Kf2
Rxh4 43. Bxa5 Bc6 44. Rgg1 Rh2+ 45. Kg3 Rh6 46. Kf4 Rh4+ 47. Rg4 Rh3 48. Rg3 Rh2
49. Rd3 Rh4+ 50. Kf5 Rh5+ 51. Ke6 Rxa5 52. Rd8 Rb5 53. Kd6 Rg5 54. Rc1 Rd5+ 55. Kc7
Re5 56. Rxe8+ Bxe8 57. Kd6 Bxg6  0-1

[Event "Polofinale MCR junioru 2024"]
[Site "Hotel Fit Fun, Ryžovište 427, 512 46 Harrachov v Krkonoších"]
[Date "2024.11.12"]
[Round "4"]
[Board "21"]
[White "Pokorný, Jirí"]
[Black "Husa, Daniel"]
[Result "1-0"]
[WhiteElo "1813"]
[BlackElo "2011"]
[PlyCount "0"]
[EventDate "2024.11.09"]
[EventRounds "9"]
[EventCountry "CZE"]

1. e4 c5 2. c3 Nf6 3. e5 Nd5 4. d4 cxd4 5. Nf3 e6 6. cxd4 b6 7. Bc4 Bb7 8. a3 Qc7
9. Ba2 d6 10. O-O Nd7 11. Re1 Be7 12. Bd2 O-O 13. Nc3 Nxc3 14. Bxc3 dxe5 15. dxe5
Rfd8 16. Qe2 Nc5 17. Nd4 Bd5 18. Bb1 Rac8 19. Bc2 Qb7 20. Qg4 Nd7 21. Re3 Nf8 22.
h4 f5 23. Bxf5 exf5 24. Nxf5 Bc5 25. Rg3 Ne6 26. Rd1 Bf8 27. Bb4 Bxb4 28. axb4 Rc4
29. Nh6+ Kh8 30. Qxe6 Rc6 31. Nf7+ Qxf7 32. Qxf7 Bxf7 33. Rxd8+ Bg8 34. Rf3  1-0

[Event "Polofinale MCR junioru 2024"]
[Site "Hotel Fit Fun, Ryžovište 427, 512 46 Harrachov v Krkonoších"]
[Date "2024.11.12"]
[Round "4"]
[Board "22"]
[White "Šprinar, Michal"]
[Black "Pešek, Martin Jakub"]
[Result "1-0"]
[WhiteElo "1980"]
[BlackElo "1627"]
[PlyCount "0"]
[EventDate "2024.11.09"]
[EventRounds "9"]
[EventCountry "CZE"]

1. e4 c6 2. d4 d5 3. Nc3 dxe4 4. Nxe4 Bf5 5. Ng3 Bg6 6. Nh3 e6 7. Nf4 Bd6 8. Nxg6
hxg6 9. Ne4 Rh4 10. Ng5 Nf6 11. g3 Qa5+ 12. c3 Rh5 13. Nf3 Nbd7 14. Bd3 O-O-O 15.
O-O Rdh8 16. h4 e5 17. Nd2 g5 18. Nc4 Qd5 19. Nxd6+ Qxd6 20. Bxg5 Qe6 21. f4 exf4
22. Bxf4 Qd5 23. Qf3 Qxf3 24. Rxf3 Nd5 25. Bd2 N7f6 26. c4 Nc7 27. Bg5 Rd8 28. Bf5+
Kb8 29. Rd1 Rd6 30. Kg2 g6 31. Bxg6 fxg6 32. Bxf6 Rf5 33. Rxf5 gxf5 34. Be5  1-0

[Event "Polofinale MCR junioru 2024"]
[Site "Hotel Fit Fun, Ryžovište 427, 512 46 Harrachov v Krkonoších"]
[Date "2024.11.12"]
[Round "4"]
[Board "23"]
[White "Bubela, Alexander Georg"]
[Black "Mrázek, Roman"]
[Result "1/2-1/2"]
[WhiteElo "1738"]
[BlackElo "1961"]
[PlyCount "0"]
[EventDate "2024.11.09"]
[EventRounds "9"]
[EventCountry "CZE"]

1. d4 d5 2. c4 c6 3. Nf3 Nf6 4. Nc3 dxc4 5. a4 Bf5 6. g3 e6 7. Ne5 Nbd7 8. Nxc4 Bb4
9. Bg2 Qe7 10. Bf4 O-O 11. O-O Nb6 12. Ne3 Bg6 13. Qb3 Nbd5 14. Bg5 h6 15. Nexd5
cxd5 16. Bxf6 gxf6 17. Rfc1 Rac8 18. e3 Ba5 19. Qb5 Qb4 20. Ra3 Rc7 21. Rb3 Qxb5
22. Rxb5 Bxc3 23. bxc3 b6 24. Bf1  1/2-1/2

[Event "Polofinale MCR junioru 2024"]
[Site "Hotel Fit Fun, Ryžovište 427, 512 46 Harrachov v Krkonoších"]
[Date "2024.11.12"]
[Round "4"]
[Board "24"]
[White "Stejskal, Michal"]
[Black "Maršík, Ondrej"]
[Result "1-0"]
[WhiteElo "1957"]
[BlackElo "1728"]
[PlyCount "0"]
[EventDate "2024.11.09"]
[EventRounds "9"]
[EventCountry "CZE"]

1. e4 c5 2. Nf3 Nc6 3. Nc3 Nf6 4. g3 g6 5. Bg2 d6 6. h3 Bg7 7. O-O O-O 8. Re1 Qc7
9. d3 Rb8 10. Qe2 Ne5 11. Nxe5 dxe5 12. Bg5 e6 13. a4 a6 14. a5 Bd7 15. Qf3 Ne8 16.
Be7 Nd6 17. Bxf8 Rxf8 18. Qe3 Bb5 19. Na4 c4 20. Qb6 Qd7 21. Nc3 cxd3 22. cxd3 Nc8
23. Qe3 Qxd3 24. Qxd3 Bxd3 25. Red1 Bc4 26. Bf1 Bxf1 27. Kxf1 f5 28. Ke2 Na7 29.
Rd7 Rf7 30. Rxf7 Kxf7 31. Na4 Bf8 32. Nb6 Nc6 33. Nc4 Bc5 34. Rc1 Bb4 35. f4 exf4
36. gxf4 Ke7 37. Kd3 Nxa5 38. Nxa5 Bxa5 39. exf5 exf5 40. Rc8 Bd8 41. Rb8 b6 42.
Rb7+ Kf6 43. Rxh7 Be7 44. Rh8 Bd6 45. Ke3 Bc5+ 46. Kf3 a5 47. Rc8 Kf7 48. b3 Be7
49. Rb8 Bc5 50. Ke2 Kf6 51. Rc8 Ke7 52. Rc6 Kf7 53. Kd3 Kg7 54. Rc7+ Kh6 55. Rf7
Bd6 56. Ke3 Bc5+ 57. Kf3 Bd4 58. h4 Bc3 59. h5  1-0

[Event "Polofinale MCR junioru 2024"]
[Site "Hotel Fit Fun, Ryžovište 427, 512 46 Harrachov v Krkonoších"]
[Date "2024.11.12"]
[Round "4"]
[Board "25"]
[White "Šimunek, Jakub Šimon"]
[Black "Cervený, Vojtech"]
[Result "1/2-1/2"]
[WhiteElo "2125"]
[BlackElo "1889"]
[PlyCount "0"]
[EventDate "2024.11.09"]
[EventRounds "9"]
[EventCountry "CZE"]

1. e4 c5 2. Nf3 d6 3. Bb5+ Bd7 4. Bxd7+ Qxd7 5. c4 e5 6. O-O Nf6 7. Nc3 Nc6 8. d3
h6 9. h3 Be7 10. Be3 O-O 11. a3 Nd4 12. b4 b6 13. Rb1 Rab8 14. b5 Nh7 15. Bxd4 cxd4
16. Nd5 f5 17. exf5 Rxf5 18. a4 Rbf8 19. Nd2 Ng5 20. Ne4 Nxe4 21. dxe4 Rg5 22. Qd3
Bf6 23. Rb3 Qe8 24. Qe2 Qg6 25. f4 Rg3 26. Rxg3 Qxg3 27. Rf3 Qh4 28. Qf2 Qxf2+ 29.
Kxf2 Kf7 30. Ke2 Rc8 31. Kd3 h5 32. g3 Ke6 33. Nb4 Rc7 34. fxe5 dxe5 35. Rf5 h4 36.
g4 Rc5 37. Rh5 Rc8 38. Nd5 Rf8 39. Rf5 Rh8 40. Nb4 Kd6 41. Nc6 Re8 42. Nb4 Ra8 43.
Nd5 Re8 44. Nxf6 gxf6 45. Rxf6+ Kc5 46. Rf1 Kb4 47. g5 Rc8 48. Rb1+ Kxa4 49. g6 Rg8
50. Rg1 Kb4 51. Rg5 Rg7 52. Rxe5 Rxg6 53. Kxd4 Rg3 54. Rh5 Rxh3 55. e5 Rc3 56. Kd5
Rxc4 57. Kd6 Rd4+ 58. Kc6 Re4 59. Kd7 Kxb5 60. e6+ Kb4 61. e7 a5 62. Rxh4 Rxh4 63.
e8=Q Rc4 64. Qe1+ Kb5 65. Kd6 a4 66. Qe2 Kb4 67. Qb2+ Ka5 68. Kd5 Rc5 69. Kd4 Ka6
70. Qb4 Ra5 71. Qc4+ Kb7 72. Qf7+ Ka6 73. Qc4+ Kb7 74. Qf7+ Ka6 75. Kc4 a3 76. Qe8
Kb7 77. Qd7+ Ka6 78. Qc8+ Ka7 79. Qc7+ Ka6 80. Qc8+ Ka7 81. Kb4 a2 82. Qc7+ Ka8 83.
Qc8+ Ka7 84. Qc7+ Ka8  1/2-1/2

[Event "Polofinale MCR junioru 2024"]
[Site "Hotel Fit Fun, Ryžovište 427, 512 46 Harrachov v Krkonoších"]
[Date "2024.11.12"]
[Round "4"]
[Board "26"]
[White "Kubiczek, Michal"]
[Black "Mrázek, Adam"]
[Result "1-0"]
[WhiteElo "2093"]
[BlackElo "1842"]
[PlyCount "0"]
[EventDate "2024.11.09"]
[EventRounds "9"]
[EventCountry "CZE"]

1. d4 Nf6 2. c4 g6 3. g3 c6 4. Nf3 Bg7 5. Bg2 O-O 6. Nc3 d5 7. cxd5 cxd5 8. Ne5 Nc6
9. Nxc6 bxc6 10. O-O Bf5 11. Na4 Nd7 12. Bf4 Qa5 13. Rc1 Nb6 14. b3 Nxa4 15. bxa4
Rac8 16. e3 h6 17. g4 g5 18. Bg3 Bg6 19. Rc5 Qb6 20. Qd2 e6 21. Rfc1 Rfd8 22. a5
Qb7 23. Qc3 Rd7 24. Bf1 f6 25. a6 Qb6 26. Rxc6 Rxc6 27. Qxc6 Qxc6 28. Rxc6 Kf7 29.
Rc7 Ke7 30. Bb5 Rxc7 31. Bxc7 Be8 32. a4 e5 33. Bb8 exd4 34. exd4 Bd7 35. Bxd7 Kxd7
36. Bxa7 Kc6 37. Bc5  1-0

[Event "Polofinale MCR junioru 2024"]
[Site "Hotel Fit Fun, Ryžovište 427, 512 46 Harrachov v Krkonoších"]
[Date "2024.11.12"]
[Round "4"]
[Board "27"]
[White "Šigut, Ondrej"]
[Black "Pavliš, Matej"]
[Result "1-0"]
[WhiteElo "1893"]
[BlackElo "2091"]
[PlyCount "0"]
[EventDate "2024.11.09"]
[EventRounds "9"]
[EventCountry "CZE"]

1. e4 c6 2. d4 d5 3. exd5 cxd5 4. Bd3 Nc6 5. c3 Qc7 6. Nf3 Bg4 7. O-O e6 8. Re1 Bd6
9. h3 Bh5 10. Nbd2 Nge7 11. Nf1 Rd8 12. Bg5 f6 13. Bh4 Bf7 14. Bg3 O-O 15. Qc2 h6
16. Bxd6 Qxd6 17. Ng3 e5 18. dxe5 fxe5 19. Rad1 Qf6 20. Bf1 Bg6 21. Qd2 Kh8 22. Qe3
d4 23. cxd4 Nd5 24. Qb3 Nxd4 25. Nxd4 Qxf2+ 26. Kh2 exd4 27. Re2 Qf4 28. Qf3 Qxf3
29. gxf3 Ne3 30. Rdd2 Nc4 31. Rd1 d3 32. Rf2 Ne3 33. Rdd2 h5 34. Kg1 Nc4 35. Rd1
h4 36. Ne4 Ne5 37. Ng5 Rd6 38. f4 Nc4 39. f5 Bxf5 40. Rxd3 Rdf6 41. Rd4 Ne3 42. Rxh4+
Kg8 43. Rb4 Rg6 44. h4 Rc6 45. Rxb7 Rc1 46. Re7 Nxf1 47. Rxf1 Rc4 48. Nf3 Bd3 49.
Rf2 Be4 50. Ne1 Bf5 51. Rxa7 Rxh4 52. Rg2 g6 53. Nf3 Rf4 54. Ne5 Be4 55. Nxg6 Rf1+
56. Kh2  1-0

[Event "Polofinale MCR junioru 2024"]
[Site "Hotel Fit Fun, Ryžovište 427, 512 46 Harrachov v Krkonoších"]
[Date "2024.11.12"]
[Round "4"]
[Board "28"]
[White "Peroutka, Šimon"]
[Black "Lihotský, Lukáš"]
[Result "1/2-1/2"]
[WhiteElo "1892"]
[BlackElo "2076"]
[PlyCount "0"]
[EventDate "2024.11.09"]
[EventRounds "9"]
[EventCountry "CZE"]

1. e4 c6 2. d4 d5 3. Nc3 dxe4 4. Nxe4 Bf5 5. Ng3 Bg6 6. h4 h6 7. h5 Bh7 8. Nf3 e6
9. Bd3 Bxd3 10. Qxd3 Nf6 11. c3 Be7 12. Bd2 O-O 13. O-O c5 14. Qe2 Nc6 15. Be3 Qb6
16. Ne5 cxd4 17. Nxc6 Qxc6 18. Bxd4 Rfd8 19. Rad1 Nd5 20. Qe4 Bf6 21. Rfe1 Qc7 22.
Qf3 Bxd4 23. Rxd4 Nf6 24. Red1 Rxd4 25. Rxd4 Rc8 26. Ne4 Nxe4 27. Qxe4 Rd8 28. Rxd8+
Qxd8 29. Qxb7 Qd1+ 30. Kh2 Qxh5+ 31. Kg3 Qa5 32. a3 h5 33. Qe4 Qb6 34. Qb4 Qc7+ 35.
f4 e5 36. fxe5 Qxe5+ 37. Qf4 Qc5 38. Qd4 Qc7+ 39. Kh3 g5 40. Qd5 Qe7 41. c4 Qe3+
42. Kh2 h4 43. c5 Qg3+ 44. Kg1 Qe1+ 45. Kh2 Qg3+ 46. Kg1 Qe1+ 47. Kh2 Qg3+  1/2-1/2

[Event "Polofinale MCR junioru 2024"]
[Site "Hotel Fit Fun, Ryžovište 427, 512 46 Harrachov v Krkonoších"]
[Date "2024.11.12"]
[Round "4"]
[Board "29"]
[White "Sadil, Antonín"]
[Black "Slabý, Matej"]
[Result "1/2-1/2"]
[WhiteElo "1873"]
[BlackElo "2071"]
[PlyCount "0"]
[EventDate "2024.11.09"]
[EventRounds "9"]
[EventCountry "CZE"]

1. e4 c6 2. d4 d5 3. exd5 cxd5 4. Bd3 Nc6 5. c3 Qc7 6. Na3 a6 7. Nc2 Nf6 8. Ne2 Bg4
9. f3 Bd7 10. Bf4 e5 11. dxe5 Nxe5 12. O-O Bd6 13. Re1 O-O 14. Bg3 Rfe8 15. Ncd4
Nh5 16. Bxe5 Rxe5 17. Qd2 Rae8 18. g3 g6 19. Kg2 Nf6 20. Ng1 b5 21. Rxe5 Rxe5 22.
Re1 Rxe1 23. Qxe1 Qb6 24. a3 a5 25. Nge2 b4 26. axb4 axb4 27. Qd2 bxc3 28. bxc3 Qa5
29. Qg5 Kg7 30. Qd2 Qa1 31. Bf5 Ba4 32. Bd3 h6 33. Qc1 Qxc1 34. Nxc1 Kf8 35. Nce2
Ke7 36. c4 dxc4 37. Bxc4  1/2-1/2

[Event "Polofinale MCR junioru 2024"]
[Site "Hotel Fit Fun, Ryžovište 427, 512 46 Harrachov v Krkonoších"]
[Date "2024.11.12"]
[Round "4"]
[Board "30"]
[White "Verner, Matej"]
[Black "Svoboda, Daniel"]
[Result "1-0"]
[WhiteElo "2021"]
[BlackElo "1865"]
[PlyCount "0"]
[EventDate "2024.11.09"]
[EventRounds "9"]
[EventCountry "CZE"]

1. e4 c5 2. Nf3 e6 3. d3 Nc6 4. g3 d5 5. Nbd2 Nf6 6. Bg2 Be7 7. O-O O-O 8. Re1 b5
9. h4 Bb7 10. e5 Nd7 11. Nf1 h6 12. N1h2 Re8 13. Ng4 Bf8 14. Bf4 Nd4 15. Nxd4 cxd4
16. Nh2 Rc8 17. Nf3 Qb6 18. g4 Qc5 19. Rc1 g6 20. Qd2 Kh7 21. h5 gxh5 22. g5 Be7
23. gxh6 Rg8 24. Bg5 Rg6 25. Qf4 Rf8 26. b4 Qxb4 27. Rb1 Qc5 28. Rxb5 Qxb5 29. Bxe7
f6 30. Bxf8 Nxf8 31. exf6 Qd7 32. Ng5+ Kh8 33. Qe5 Rxg5 34. Qxg5 Qf7  1-0

[Event "Polofinale MCR junioru 2024"]
[Site "Hotel Fit Fun, Ryžovište 427, 512 46 Harrachov v Krkonoších"]
[Date "2024.11.12"]
[Round "4"]
[Board "31"]
[White "Osina, Jaromír"]
[Black "Švadlenka, Michal"]
[Result "1-0"]
[WhiteElo "2004"]
[BlackElo "1804"]
[PlyCount "0"]
[EventDate "2024.11.09"]
[EventRounds "9"]
[EventCountry "CZE"]

1. d4 Nf6 2. c4 g6 3. Nc3 Bg7 4. e4 O-O 5. f3 d6 6. Be3 Nc6 7. Nge2 Bd7 8. Qd2 a6
9. g4 b5 10. cxb5 axb5 11. Bh6 Na5 12. Ng3 Nb3 13. axb3 Rxa1+ 14. Kf2 b4 15. Nce2
c5 16. d5 Qb6 17. Bxg7 Kxg7 18. h4 Rg8 19. h5 Kf8 20. Qh6+ Ke8 21. g5 Nxh5 22. Qxh7
Rf8 23. Nxh5 gxh5 24. Rxh5 Bb5 25. Qf5 Bd7 26. Qh7 c4+ 27. Kg2 cxb3 28. Qg7 Bb5 29.
g6 fxg6 30. Rh7 Qa7 31. Nd4 Bxf1+ 32. Kg3 Rc1 33. Qxg6+ Kd8 34. Ne6+ Kc8 35. Nxf8
Bb5 36. Qe6+ Kd8 37. Ng6 Be8 38. Nxe7 Bd7 39. Qxd6 Rg1+ 40. Kf4 Ke8 41. Nf5  1-0

[Event "Polofinale MCR junioru 2024"]
[Site "Hotel Fit Fun, Ryžovište 427, 512 46 Harrachov v Krkonoších"]
[Date "2024.11.12"]
[Round "4"]
[Board "32"]
[White "Veny, Jaume"]
[Black "Vokoun, Michal"]
[Result "1-0"]
[WhiteElo "1961"]
[BlackElo "1688"]
[PlyCount "0"]
[EventDate "2024.11.09"]
[EventRounds "9"]
[EventCountry "CZE"]

1. Nf3 Nf6 2. d4 c5 3. c4 cxd4 4. Qxd4 Nc6 5. Qd2 g6 6. Nc3 Bg7 7. e4 O-O 8. Be2
d6 9. O-O h6 10. Qc2 Be6 11. Bd2 Ng4 12. h3 Nge5 13. Nxe5 Nxe5 14. b3 a6 15. Rac1
Qb6 16. Be3 Qb4 17. Qd2 Kh7 18. f4 Nc6 19. Rc2 Qa5 20. Na4 Qxd2 21. Rxd2 Rae8 22.
Nb6 Nb8 23. Bf3 Nd7 24. Nxd7 Bxd7 25. e5 Bc6 26. exd6 exd6 27. Bb6 Bxf3 28. Rxf3
Re1+ 29. Kf2 Rfe8 30. Re3 R1xe3 31. Bxe3 Re6 32. Rd5 Kg8 33. g4 Kf8 34. h4 Ke7 35.
Kf3 Bf6 36. h5 Bg7 37. Bd2 Kd7 38. Bb4 Kc6 39. a4 Bb2 40. Bd2 Bg7 41. b4 Re7 42.
b5+ axb5 43. axb5+ Kc7 44. Ba5+ b6 45. Bb4 Rd7 46. Rd3 Bf6 47. Ke4 Re7+ 48. Kd5 Re6
49. Ra3 Be7 50. Ra7+ Kd8 51. Rb7 gxh5 52. gxh5 Rf6 53. Rxb6 Rxf4 54. Bxd6 Rf5+ 55.
Kc6 Bxd6 56. Kxd6 Rf6+ 57. Kc5 Rf5+ 58. Kc6 Rxh5 59. Rb8+ Ke7 60. b6 Rh4 61. c5 Rb4
62. Rh8 f5 63. b7  1-0

[Event "Polofinale MCR junioru 2024"]
[Site "Hotel Fit Fun, Ryžovište 427, 512 46 Harrachov v Krkonoších"]
[Date "2024.11.12"]
[Round "4"]
[Board "33"]
[White "Pejrimovský, Tadeáš Rubel"]
[Black "Garabik, Marek"]
[Result "0-1"]
[WhiteElo "1867"]
[BlackElo "1939"]
[PlyCount "0"]
[EventDate "2024.11.09"]
[EventRounds "9"]
[EventCountry "CZE"]

1. e4 e6 2. Nf3 d5 3. e5 c5 4. b4 d4 5. bxc5 Bxc5 6. Bd3 Bd7 7. O-O Bc6 8. Qe2 Ne7
9. Ba3 Nd7 10. Re1 Nd5 11. g3 Qa5 12. Bxc5 Qxc5 13. a3 h6 14. h4 O-O 15. Qe4 N5f6
16. Qxd4 Bxf3 17. Qxc5 Nxc5 18. exf6 Nxd3 19. Re3 Bd1 20. fxg7 Rfd8 21. cxd3 Bc2
22. Nc3 Bxd3 23. f3 Kxg7 24. Kf2 Rac8 25. Ra2 b6 26. Rb2 Rc7 27. Ne4 f5 28. Nc3 Kf6
29. f4 Rcd7 30. Ke1 Ba6 31. Nd1 Rd3 32. Nf2 R3d4 33. Rc2 Bc4 34. Re5 R8d7 35. Re3
b5 36. Re5 a6 37. Rc5 a5 38. Rb2 Rg7 39. d3 Bxd3 40. Nxd3 Rxd3 41. Rbxb5 Rxa3 42.
Rxa5 Rxa5 43. Rxa5 Rxg3 44. Kf2 Rh3 45. Ra6 Rxh4 46. Kg3 Rg4+ 47. Kf3 Rg7 48. Ra2
Rg8 49. Rh2 Kg6 50. Rg2+ Kh7 51. Re2 Rg6 52. Ke3 Kg7 53. Rh2 Rg4 54. Kf3 Kg6 55.
Rh3 h5 56. Rh1 h4 57. Rh2 Kh5 58. Re2 Rg6 59. Re1 h3 60. Rd1 Kh4 61. Rd8 Rg3+ 62.
Kf2 Ra3 63. Re8 Kg4 64. Rxe6 Kxf4 65. Rh6 Ra2+ 66. Kg1 Kg3 67. Rg6+ Kf3 68. Rh6 h2+
69. Kh1 f4 70. Re6 Ra8 71. Rb6 Kg3 72. Rb1 Re8 73. Rf1 f3 74. Rb1 Re3 75. Rf1 f2
 0-1

[Event "Polofinale MCR junioru 2024"]
[Site "Hotel Fit Fun, Ryžovište 427, 512 46 Harrachov v Krkonoších"]
[Date "2024.11.12"]
[Round "4"]
[Board "34"]
[White "Zezula, Matej"]
[Black "Mrkvan, František"]
[Result "0-1"]
[WhiteElo "1767"]
[BlackElo "1932"]
[PlyCount "0"]
[EventDate "2024.11.09"]
[EventRounds "9"]
[EventCountry "CZE"]

1. e4 c6 2. d4 d5 3. f3 e5 4. dxe5 Bc5 5. Qe2 Qb6 6. Nh3 Bxh3 7. gxh3 dxe4 8. fxe4
Nd7 9. e6 fxe6 10. Nd2 O-O-O 11. Nb3 Be7 12. Bf4 Bh4+ 13. Bg3 Bxg3+ 14. hxg3 Ne5
15. Bg2 Nf6 16. Rd1 Rxd1+ 17. Kxd1 Rd8+ 18. Kc1 a5 19. a3 a4 20. Nd2 Qc5 21. Rf1
b5 22. Kb1 Kb7 23. Qf2 Qd6 24. Kc1 Nfd7 25. Qe2 b4 26. axb4 Qxb4 27. Qe3 Nc5 28.
Qa3 Qxd2+ 29. Kb1 Qxg2  0-1

[Event "Polofinale MCR junioru 2024"]
[Site "Hotel Fit Fun, Ryžovište 427, 512 46 Harrachov v Krkonoších"]
[Date "2024.11.12"]
[Round "4"]
[Board "35"]
[White "Stejskal, Jakub"]
[Black "Honcharov, Makar"]
[Result "0-1"]
[WhiteElo "1672"]
[BlackElo "1929"]
[PlyCount "0"]
[EventDate "2024.11.09"]
[EventRounds "9"]
[EventCountry "CZE"]

1. Nf3 Nf6 2. c4 g6 3. Nc3 Bg7 4. g3 O-O 5. Bg2 d6 6. O-O e5 7. d4 Nc6 8. d5 Nb8
9. e4 a5 10. Re1 Na6 11. Bd2 Nc5 12. Qc2 Nfd7 13. a3 a4 14. Rad1 Kh8 15. Rf1 Nb6
16. Ne2 f5 17. Bg5 Qe8 18. Nd2 f4 19. gxf4 h6 20. Bh4 exf4 21. f3 Nbd7 22. Bf2 Ne5
23. Bd4 g5 24. h3 b6 25. Kh2 Qh5 26. Qc3 Bd7 27. Rb1 Rae8 28. Rbc1 Kg8 29. Rb1 Re7
30. Ra1 Ref7 31. Ng1 Qg6 32. Rae1 h5 33. Ne2 g4 34. Qc2 Qg5 35. Rg1 g3+ 36. Kh1 Qh4
 0-1

[Event "Polofinale MCR junioru 2024"]
[Site "Hotel Fit Fun, Ryžovište 427, 512 46 Harrachov v Krkonoších"]
[Date "2024.11.12"]
[Round "4"]
[Board "36"]
[White "Jandecka, Miroslav"]
[Black "Jakubše, Tamae Severína"]
[Result "0-1"]
[WhiteElo "1603"]
[BlackElo "1895"]
[PlyCount "0"]
[EventDate "2024.11.09"]
[EventRounds "9"]
[EventCountry "CZE"]

1. e4 e5 2. Nf3 Nc6 3. Bb5 f5 4. Nc3 fxe4 5. Nxe4 Nf6 6. Nxf6+ Qxf6 7. Qe2 Be7 8.
Bxc6 bxc6 9. Nxe5 Qe6 10. d4 O-O 11. Nf3 Qxe2+ 12. Kxe2 Ba6+ 13. Kd1 Rf5 14. c3 c5
15. Re1 Bf6 16. Be3 cxd4 17. Nxd4 Rd5 18. Kc2 c5 19. Nf3 Bd3+ 20. Kc1 Rc8 21. Rd1
d6 22. Ne1 Be4 23. Rxd5 Bxd5 24. Kd2 a5 25. b3 a4 26. bxa4 Ra8 27. Bf4 Be7 28. Ke3
Rxa4 29. Rd1 Re4+ 30. Kf3 Rd4+ 31. Ke2 Bc4+ 32. Nd3 Bxd3+ 33. Ke3 Re4+ 34. Kf3 g5
35. Bxd6 Bxd6 36. Rxd3 Rf4+ 37. Ke3 Be7 38. h4 Rxh4 39. g3 Ra4 40. f4 Rxa2 41. fxg5
Bxg5+ 42. Ke4 Rf2 43. Rd7 Rf7 44. Rd5 Be7 45. Ke5 Rg7 46. Kf4 Kf7 47. g4 Ke6 48.
Rh5 Bd6+ 49. Kf3 Kd7 50. Rh1 Kc6 51. c4 Rf7+ 52. Ke2 Rf4 53. g5 Rxc4 54. Rxh7 Rg4
55. Rg7 Kd5 56. Kf3 Rf4+ 57. Ke3 Rf8 58. g6 Be5 59. Rd7+ Ke6 60. Rd1 Bd4+  0-1

[Event "Polofinale MCR junioru 2024"]
[Site "Hotel Fit Fun, Ryžovište 427, 512 46 Harrachov v Krkonoších"]
[Date "2024.11.12"]
[Round "4"]
[Board "37"]
[White "Adámek, Jan"]
[Black "Tegda, Vojtech"]
[Result "1/2-1/2"]
[WhiteElo "1735"]
[BlackElo "1953"]
[PlyCount "84"]
[EventDate "2024.11.09"]
[EventRounds "9"]
[EventCountry "CZE"]

1. d4 Nf6 2. c4 c5 3. Nf3 cxd4 4. Nxd4 Nc6 5. Nc3 a6 6. g3 e6 7. a3 Bc5 8. Nc2 d5
9. cxd5 exd5 10. Bg2 d4 11. Ne4 Nxe4 12. Bxe4 Be6 13. b4 Ba7 14. O-O O-O 15. Bg2
Re8 16. Bb2 Bg4 17. Re1 Rc8 18. Qd2 Rc7 19. h3 Bf5 20. Rac1 Rce7 21. Rcd1 Bxc2 22.
Qxc2 Qb6 23. Bxc6 d3 24. Qc5 Qxc5 25. bxc5 dxe2 26. Bxe8 exd1=Q 27. Bxf7+ Kxf7 28.
Rxd1 Bxc5 29. Rd2 b5 30. Rc2 Bb6 31. Rc6 Rb7 32. Kg2 a5 33. Kf3 b4 34. axb4 axb4
35. Ke2 b3 36. f4 Bd8 37. Kd1 Bf6 38. Kc1 Re7 39. Bxf6 gxf6 40. Rc3 Rb7 41. Kb2 Ke6
42. g4 Rb4  1/2-1/2

[Event "Polofinale MCR junioru 2024"]
[Site "Hotel Fit Fun, Ryžovište 427, 512 46 Harrachov v Krkonoších"]
[Date "2024.11.12"]
[Round "4"]
[Board "38"]
[White "Gloser, Tomáš"]
[Black "Urbanský, Štepán"]
[Result "1-0"]
[WhiteElo "1777"]
[BlackElo "1859"]
[PlyCount "59"]
[EventDate "2024.11.09"]
[EventRounds "9"]
[EventCountry "CZE"]

1. e4 c5 2. Nc3 d6 3. g3 Nc6 4. Bg2 g6 5. d3 Bg7 6. Nge2 e6 7. O-O Rb8 8. Be3 b5
9. Qd2 b4 10. Nd1 Nd4 11. Rc1 Nxe2+ 12. Qxe2 Qa5 13. Ra1 Ne7 14. Qd2 h6 15. d4 Qb6
16. c3 Ba6 17. Re1 Rd8 18. d5 bxc3 19. Nxc3 Rb8 20. b3 Qb4 21. Rac1 Kf8 22. dxe6
Bxc3 23. Rxc3 fxe6 24. Bxh6+ Kf7 25. Qf4+ Kg8 26. Ree3 Qd4 27. h4 Rh7 28. Rf3 Rg7
29. Bxg7 Kxg7 30. Qf7+  1-0

[Event "Polofinale MCR junioru 2024"]
[Site "Hotel Fit Fun, Ryžovište 427, 512 46 Harrachov v Krkonoších"]
[Date "2024.11.12"]
[Round "4"]
[Board "39"]
[White "Lána, Vincent"]
[Black "Jusko, Jindrich"]
[Result "0-1"]
[WhiteElo "1696"]
[BlackElo "1846"]
[PlyCount "56"]
[EventDate "2024.11.09"]
[EventRounds "9"]
[EventCountry "CZE"]

1. e4 c5 2. Nf3 d6 3. c3 g6 4. d4 cxd4 5. cxd4 Bg7 6. Bc4 Nf6 7. Nc3 O-O 8. h3 a6
9. a4 Nc6 10. O-O Nxe4 11. Nxe4 d5 12. Bxd5 Qxd5 13. Nc3 Qc4 14. Ne2 Rd8 15. b3 Qb4
16. Bd2 Qb6 17. Be3 Be6 18. Rb1 Bd5 19. Qc2 Nb4 20. Qc5 Qxc5 21. dxc5 Be4 22. Rbd1
Bc2 23. Rxd8+ Rxd8 24. Ned4 Bd3 25. Re1 e5 26. Ne2 Nc2 27. Rc1 Nxe3 28. fxe3 Bxe2
 0-1